000 00587nam a2200217 a 4500
001 14017
003 CO-ViMGA
008 141112s2004 ck r 000 u spa d
020 _a8487520111
040 _aCO-ViMGA
_bspa
_cCO-ViMGA
082 0 4 _a372.86 C154d
100 1 _aCañizares M., Jose M
_920479
245 1 0 _a200 ejercicios y juegos con barandas
260 _aSevilla :
_bWanceulen,
_c1993
300 _a101.p.
590 _aForma de adquisición : Compra
650 1 4 _aDEPORTES
_948158
650 1 4 _aeducación FISICA PARA NIÑOS
_9381
650 1 4 _aJUEGOS
942 _2ddc
_cBK
999 _c24718
_d24718